|
|
|
|
| LEADER |
00000nab a2200000 a 4500 |
| 001 |
vtls000271388 |
| 003 |
SK-MaSNL |
| 005 |
20260304070433.0 |
| 008 |
250423c1987 xo 0 slo |
| 015 |
|
|
|a SNBRB19rr/mm-uuuuu
|
| 035 |
|
|
|a CL0281502
|
| 035 |
|
|
|a urn:nbn:sk:snk-ab6kcj
|
| 035 |
|
|
|a (uuid)93a1087b-77c9-4635-92ba-df013f02968c
|
| 035 |
|
|
|a (urnnbn)urn:nbn:sk:snk:ar-0059mr
|
| 035 |
|
|
|a (sysno)vtls000271388
|
| 040 |
|
|
|a SNKBUCL
|b slo
|c SNKBUCL
|e AACR2
|
| 041 |
0 |
|
|a cze
|
| 044 |
|
|
|a xo
|c SK
|
| 080 |
|
|
|a 025.32
|2 1981
|
| 080 |
|
|
|a 025.321.4
|2 1981
|
| 100 |
1 |
|
|a Novotný, Jaroslav
|4 aut
|9 302183
|
| 245 |
1 |
0 |
|a Poznámky k metodologickým problémům jmenného záznamu
|c Jaroslav Novotný
|
| 300 |
|
|
|b Lit. 12 zázn. v slov., češ., ruš., angl.
|
| 650 |
0 |
7 |
|a katalogizačné záznamy
|2 snkbucl
|9 81473
|
| 650 |
0 |
7 |
|a bibliografické záznamy
|2 snkbucl
|9 60896
|
| 655 |
|
7 |
|a články z novín a časopisov
|2 snkbucl
|9 267496
|
| 655 |
|
7 |
|a články z odboru knihovníctvo
|2 snkbucl
|9 166141
|
| 773 |
0 |
|
|t Knižnice a vedecké informácie
|g Roč. 19, č. 1 (1987), s. 9-14
|
| 850 |
|
|
|a Slovenská národná knižnica
|
| 852 |
|
|
|a Slovenská národná knižnica
|
| 954 |
|
|
|a odborná, vedecká literatúra cudzojazyčná (svetová)
|2 lita
|
| 958 |
|
|
|a article2022
|
| 958 |
|
|
|a NB
|
| 958 |
|
|
|a RK
|
| 958 |
|
|
|a KL
|
| 958 |
|
|
|a OND
|
| 958 |
|
|
|a EUIPO
|
| 992 |
|
|
|a RBX
|
| 999 |
|
|
|c 2755778
|d 2757708
|